LEADER 01637cam0-2200349---450- 001 990004780730403321 005 20111007102327.0 035 $a000478073 035 $aFED01000478073 035 $a(Aleph)000478073FED01 035 $a000478073 100 $a19990604d1805----km-y0itay50------ba 101 0 $aita 102 $aIT 105 $ay-------001yy 200 1 $aIstoria del Regno di Napoli dell'illustre signor Angelo Di Costanzo gentiluomo e cavaliere napolitano. Divisa in 20. libri nella quale si raccontano i successi di guerra e di pace non solamente nel Regno di Napoli, ma anco in quello di Sicilia, Ducato di Milano, Firenze e Stato di santa Chiesa. 210 $aMilano$cdalla Società tipografica de' classici italiani$d1805 215 $a3 v.$d23 cm 300 $aMarca non controllata (Monogramma GFC) di Giusti, Ferrario & C. sui front. 610 0 $aRegno di Napoli$aStoria 676 $a945.7 700 1$aDi Costanzo,$bAngelo$f<1507-1591>$0150948 801 0$aIT$bUNINA$gRICA$2UNIMARC 901 $aAQ 912 $a990004780730403321 952 $aCL. ITAL. 33-35$bR. Bibl. 17965$fFLFBC 952 $aSG 945.7/B 1 (1)$bR. Bibl. S.I.$fFLFBC 952 $aSG 945.7/B 1 (2)$bR. Bibl. S.I.$fFLFBC 952 $aSG 945.7/B 1 (3)$bR. Bibl. S.I.$fFLFBC 959 $aFLFBC 996 $aIstoria del Regno di Napoli dell'illustre signor Angelo Di Costanzo gentiluomo e cavaliere napolitano. Divisa in 20. libri nella quale si raccontano i successi di guerra e di pace non solamente nel Regno di Napoli, ma anco in quello di Sicilia, Ducato di Milano, Firenze e Stato di santa Chiesa$9559756 997 $aUNINA